Normal view
MARC view
- Smith, Logan Pearsall .
Entry Personal Name
001 - CONTROL NUMBER
- control field: 1927
003 - CONTROL NUMBER IDENTIFIER
- control field: OSt
005 - DATE AND TIME OF LATEST TRANSACTION
- control field: 20161020105528.0
008 - FIXED-LENGTH DATA ELEMENTS
- fixed length control field: 161020|| aca||aabn | a|a d
040 ## - CATALOGING SOURCE
- Original cataloging agency: OSt
- Transcribing agency: OSt
100 ## - HEADING--PERSONAL NAME
- Personal name: Smith, Logan Pearsall .
670 ## - SOURCE DATA FOUND
- Source citation: Work cat.: (OSt)11766: Smith, Logan Pearsall ., English Language / , 1960.
